000 01202nam2a22002291 4500
001 v19\rc\1266841
005 20250618003037.0
035 _a(NLR Aleph) 004419676
090 _a4118765
_c4118765
100 _a20060306d1903 |||y0rusy50 ca
101 0 _arus
102 _aRU
105 _ay z |||||
200 0 _a... за 1902 год
210 _d1903
_aБ. м.
215 _a8 с.
461 0 _1001v19\rc\1266834
_12001#$aОтчет Кавказского отдела Общества размножения промысловых и охотничьих животных и правильной охоты...$v... за 1902 год$90
_94118673
_aОбщество размножения охотничьих и промысловых животных и правильной охоты (Москва). Кавказский отдел
_cТифлис
_d1894-1914
_tОтчет Кавказского отдела Общества размножения промысловых и охотничьих животных и правильной охоты...
_v... за 1902 год$90
801 0 _aRU
_bNLR
_gpsbo
801 1 _aRU
_bProSoft-M
_2rusmarc
852 _aNLR
_j18.273.4.65
942 _cBOOK
980 _aNB